[Event "8th Southwest Class"]
[Site "Forth Worth, TX"]
[Date "2017.02.17"]
[Round "2.25"]
[White "FM Hilby, Craig"]
[Black "James, Dylan"]
[Result "1-0"]
[WhiteElo "2333"]
[BlackElo "2111"]
[PlyCount "119"]
[EventDate "2017.02.??"]
[EventType "swiss"]
[EventRounds "9"]
[EventCountry "USA"]

1. e4 g6 2. d4 Bg7 3. Nc3 d6 4. f4 Nf6 5. Nf3 c5 6. Bb5+ Bd7 7. e5 Ng4 8. Bxd7+
Qxd7 9. h3 cxd4 10. Qxd4 Nh6 11. g4 dxe5 12. Qxd7+ Nxd7 13. fxe5 Nb6 14. Bf4
O-O-O 15. O-O Nd5 16. Nxd5 Rxd5 17. Rae1 f5 18. exf6 exf6 19. Re7 Rd7 20. Rxg7
Rxg7 21. Bxh6 Re7 22. Nd4 Rd8 23. c3 Rde8 24. Rxf6 Re1+ 25. Kg2 Rb1 26. Rf2
Ree1 27. a4 Rg1+ 28. Kh2 a6 29. a5 Rgf1 30. Rxf1 Rxf1 31. Kg3 Kd7 32. Nf3 Rb1
33. b4 Rd1 34. Bg7 Ke7 35. Bd4 h6 36. h4 Ke6 37. Bg7 Rc1 38. Kf4 Kf7 39. Bd4
Ke6 40. Ne5 Rf1+ 41. Kg3 h5 42. Nxg6 hxg4 43. Kxg4 Rh1 44. Nf4+ Kf7 45. h5 Rh2
46. Kg5 Rh1 47. h6 Rh2 48. Nh5 Rg2+ 49. Kf5 Rh2 50. Kg4 Kg6 51. Nf4+ Kxh6 52.
Kf5 Rh1 53. Ne6 Re1 54. Kf6 Rf1+ 55. Ke7 Kg6 56. Kd6 Rf7 57. Kc5 Kf5 58. Ng7+
Ke4 59. Ne8 Kd3 60. Kb6 1-0

[Event "8th Southwest Class"]
[Site "Forth Worth, TX"]
[Date "2017.02.17"]
[Round "2.26"]
[White "Blanco, Cesar"]
[Black "FM Taghizadeh, Rayan"]
[Result "0-1"]
[WhiteElo "2090"]
[BlackElo "2327"]
[PlyCount "80"]
[EventDate "2017.02.??"]
[EventType "swiss"]
[EventRounds "9"]
[EventCountry "USA"]

1. d4 Nf6 2. Bf4 e6 3. e3 c5 4. c3 Nc6 5. Nd2 Be7 6. Bd3 d6 7. h3 e5 8. Bh2
cxd4 9. cxd4 exd4 10. exd4 Nxd4 11. Qa4+ Nc6 12. Ngf3 Bd7 13. O-O O-O 14. Rfe1
d5 15. Qf4 Nh5 16. Qa4 Rc8 17. Qb3 Nb4 18. Bb1 Bc6 19. a3 Na6 20. Qd3 Nf6 21.
b4 Nc7 22. Nd4 g6 23. Qe3 Re8 24. Nxc6 bxc6 25. Qxa7 Nb5 26. Qa6 Qd7 27. Bd3
Ra8 28. Qb6 Rxa3 29. Bxb5 Rxa1 30. Rxa1 cxb5 31. Ra7 Bd8 32. Qb8 Qc6 33. Bf4
Bb6 34. Qb7 Qc1+ 35. Nf1 Bxf2+ 36. Kxf2 Qxf4+ 37. Kg1 Ne4 38. Qxb5 Rb8 39. Qe2
Rxb4 40. Ra8+ Kg7 0-1

[Event "8th Southwest Class"]
[Site "Forth Worth, TX"]
[Date "2017.02.17"]
[Round "2.27"]
[White "Gutman, Joshua"]
[Black "Giannatos, Peter"]
[Result "1/2-1/2"]
[WhiteElo "2078"]
[BlackElo "2284"]
[PlyCount "108"]
[EventDate "2017.02.??"]
[EventType "swiss"]
[EventRounds "9"]
[EventCountry "USA"]

1. d4 d5 2. c4 e6 3. Nf3 Nf6 4. g3 dxc4 5. Bg2 Bb4+ 6. Bd2 c5 7. dxc5 Bxc5 8.
O-O Nbd7 9. Qc2 O-O 10. Qxc4 b5 11. Qb3 Qb6 12. Ne1 Bb7 13. Bxb7 Qxb7 14. a4 b4
15. Nd3 Be7 16. Bg5 Qe4 17. Be3 Ng4 18. Nd2 Qf5 19. Rac1 Qh5 20. Nf3 Nxe3 21.
Nf4 Qa5 22. Qxe3 Bf6 23. b3 Bc3 24. Rfd1 Nc5 25. Rb1 Rad8 26. Nd3 Nd7 27. Nd2
Nf6 28. Nc4 Qh5 29. Nf4 Qf5 30. Qxa7 e5 31. Ne3 Qe4 32. Nfg2 Rd2 33. Qa6 Rfd8
34. Rbc1 h6 35. Rxd2 Rxd2 36. f3 Qd4 37. Qc8+ Kh7 38. Qf5+ Kh8 39. Qc8+ Ng8 40.
Kf1 e4 41. Qc4 exf3 42. exf3 Qf6 43. Qf4 Rb2 44. Nd5 Qa6+ 45. Qc4 Qa7 46. Nde3
Qb7 47. Qd5 Qa6+ 48. Qc4 Qb7 49. Qd5 Qxd5 50. Nxd5 Bd4 51. Rc4 Ba7 52. Rc7 Bd4
53. Rc4 Ba7 54. Rc7 Bd4 1/2-1/2

[Event "8th Southwest Class"]
[Site "Forth Worth, TX"]
[Date "2017.02.17"]
[Round "2.28"]
[White "Ghatti, Sanjay"]
[Black "FM Greanias, Steven"]
[Result "1-0"]
[WhiteElo "2254"]
[BlackElo "2077"]
[PlyCount "107"]
[EventDate "2017.02.??"]
[EventType "swiss"]
[EventRounds "9"]
[EventCountry "USA"]

1. e4 c5 2. Nf3 e6 3. d4 cxd4 4. Nxd4 a6 5. Bd3 Nf6 6. O-O Qc7 7. Qe2 d6 8. c4
g6 9. Nc3 Bg7 10. Nf3 O-O 11. Rd1 Nbd7 12. Bf4 b6 13. Rac1 Bb7 14. Bb1 Ne5 15.
Nxe5 dxe5 16. Be3 Rfc8 17. Na4 Nxe4 18. Bxe4 Bxe4 19. Nxb6 Rab8 20. Nxc8 Rxc8
21. Qd2 Bc6 22. Qd6 Qb7 23. Qd8+ Bf8 24. Qg5 h6 25. Qxe5 Bg7 26. Qg3 Qxb2 27.
Qh4 g5 28. Qh5 Be8 29. Qf3 Bf6 30. Qg3 Ba4 31. Re1 Bc3 32. Bxg5 hxg5 33. Qxc3
Qxa2 34. c5 Bc6 35. Qg3 f6 36. h4 Kf7 37. hxg5 Qd5 38. f3 Qxg5 39. Qxg5 fxg5
40. Kf2 Bd5 41. Re3 Kf6 42. Ra3 Rc6 43. Ra5 Kf5 44. Ke3 g4 45. Rb1 gxf3 46.
gxf3 Bc4 47. Rb6 Rc8 48. c6+ Kf6 49. Rc5 Bb5 50. Ke4 Rc7 51. f4 Bf1 52. Rc2 Bb5
53. Rc1 Ke7 54. Ke5 1-0

[Event "8th Southwest Class"]
[Site "Forth Worth, TX"]
[Date "2017.02.17"]
[Round "2.29"]
[White "Dejmek, Mark"]
[Black "Zhang, Chao"]
[Result "1/2-1/2"]
[WhiteElo "2021"]
[BlackElo "2346"]
[PlyCount "139"]
[EventDate "2017.02.??"]
[EventType "swiss"]
[EventRounds "9"]
[EventCountry "USA"]

1. e4 e5 2. Nf3 Nc6 3. Bb5 Nf6 4. O-O Nxe4 5. Re1 Nd6 6. Nxe5 Be7 7. Bd3 Nxe5
8. Rxe5 O-O 9. Nc3 Ne8 10. Nd5 Bd6 11. Re1 c6 12. Ne3 Bc7 13. Nf5 Nf6 14. Ne7+
Kh8 15. Nxc8 Rxc8 16. b3 d5 17. Bb2 d4 18. Qf3 Qd6 19. Qg3 Qd7 20. Qh4 c5 21.
a4 a6 22. Re2 Rfe8 23. Rae1 Rxe2 24. Rxe2 Re8 25. Rxe8+ Qxe8 26. Kf1 h6 27. Qh3
Bf4 28. Bc1 Qc6 29. Be2 b5 30. axb5 axb5 31. Qf3 Qxf3 32. Bxf3 Ne8 33. g3 Be5
34. Ke2 Nd6 35. Bd5 g5 36. Kd3 b4 37. Bb2 Kg7 38. c3 dxc3 39. dxc3 Bxc3 40.
Bxc3+ bxc3 41. Kxc3 Kf6 42. Kd3 Ke5 43. Bc6 f5 44. Ke3 f4+ 45. gxf4+ gxf4+ 46.
Kd3 Nf7 47. Bg2 Nd6 48. Bc6 Nc8 49. Kc4 Kd6 50. Bf3 Nb6+ 51. Kb5 Nd7 52. Be2
Kd5 53. b4 cxb4 54. Kxb4 Kd4 55. Kb3 Ne5 56. Kc2 f3 57. Bd1 Ke4 58. h3 Nf7 59.
Kd2 Ng5 60. h4 Nh3 61. Ke1 Kf4 62. Ba4 Kg4 63. Bc6 Nf4 64. Kf1 Ng6 65. h5 Nf4
66. Kg1 Nxh5 67. Kh2 Kf4 68. Kh3 Nf6 69. Kh4 h5 70. Bb7 1/2-1/2

[Event "8th Southwest Class"]
[Site "Forth Worth, TX"]
[Date "2017.02.17"]
[Round "2.31"]
[White "Kung, Thomas"]
[Black "Studen, Damir"]
[Result "0-1"]
[WhiteElo "1992"]
[BlackElo "2223"]
[PlyCount "54"]
[EventDate "2017.02.??"]
[EventType "swiss"]
[EventRounds "9"]
[EventCountry "USA"]

1. e4 d5 2. exd5 Qxd5 3. Nc3 Qa5 4. d4 c6 5. Nf3 Nf6 6. Bc4 Bf5 7. Bd2 e6 8.
Nd5 Qd8 9. Nxf6+ Qxf6 10. Qe2 Bd6 11. O-O-O Bg4 12. Kb1 b5 13. Bxb5 Bxf3 14.
gxf3 cxb5 15. Qxb5+ Nd7 16. Qc6 Ke7 17. Rhg1 h6 18. c4 Rac8 19. Qa6 Qxf3 20. c5
Bxh2 21. Rge1 Qd5 22. Qd3 Bb8 23. f4 g6 24. Ka1 Kf6 25. Qh3 Kg7 26. Rh1 Qf5 27.
Qf3 Nf6 0-1

[Event "8th Southwest Class"]
[Site "Forth Worth, TX"]
[Date "2017.02.17"]
[Round "2.32"]
[White "Polavaram, Rithik"]
[Black "FM Gorti, Akshita"]
[Result "0-1"]
[WhiteElo "1908"]
[BlackElo "2169"]
[PlyCount "108"]
[EventDate "2017.02.??"]
[EventType "swiss"]
[EventRounds "9"]
[EventCountry "USA"]

1. d4 e6 2. c4 Nf6 3. Nc3 Bb4 4. e3 O-O 5. Nge2 d5 6. a3 Be7 7. Ng3 c5 8. dxc5
dxc4 9. Bxc4 Qxd1+ 10. Kxd1 Bxc5 11. b4 Be7 12. Bb2 a5 13. b5 Nbd7 14. Ke2 b6
15. f3 Bb7 16. Rac1 Nc5 17. e4 Nfd7 18. f4 Rfd8 19. Rhd1 Kf8 20. Ke3 g6 21. a4
h5 22. h3 Rac8 23. Ba3 Rc7 24. Rc2 Rdc8 25. Rdc1 Ke8 26. Bb2 Bf8 27. Nge2 Bh6
28. g3 h4 29. gxh4 Nf6 30. e5 Nh5 31. Ba3 Bf8 32. Bb2 Bg2 33. Nd4 Bxh3 34. Be2
Ng3 35. Bf3 Bh6 36. Ne4 Ngxe4 37. Bxe4 Rd8 38. Bc6+ Kf8 39. Ba3 Bxf4+ 40. Kxf4
Rxd4+ 41. Kg5 Rg4+ 42. Kh6 Rxh4+ 43. Kg5 Rg4+ 44. Kf6 Rf4+ 45. Kg5 Rxa4 46.
Bxc5+ bxc5 47. Rxc5 Kg7 48. Rg1 Rb4 49. Rc3 Bf5 50. Ra3 a4 51. Rgg3 Rc8 52. Bf3
Rc5 53. b6 Rxe5 54. b7 f6# 0-1

[Event "8th Southwest Class"]
[Site "Forth Worth, TX"]
[Date "2017.02.17"]
[Round "3.1"]
[White "IM Vorontsov, Paulo"]
[Black "IM Li, Ruifeng"]
[Result "1/2-1/2"]
[WhiteElo "2477"]
[BlackElo "2561"]
[PlyCount "209"]
[EventDate "2017.02.??"]
[EventType "swiss"]
[EventRounds "9"]
[EventCountry "USA"]

1. d4 d5 2. c4 c6 3. e3 e6 4. Nf3 Nf6 5. Nbd2 c5 6. cxd5 exd5 7. b3 Nc6 8. Bb2
Bd6 9. dxc5 Bxc5 10. Bb5 Bd7 11. O-O O-O 12. Rc1 Bb6 13. Bxc6 Bxc6 14. Bd4 Ba5
15. Bc5 Re8 16. Nd4 Bd7 17. b4 Bc7 18. b5 a6 19. a4 Ne4 20. Bb4 axb5 21. axb5
Bb6 22. Nxe4 dxe4 23. Qh5 Bxd4 24. exd4 Ra4 25. Bd2 Rxd4 26. Be3 Rd3 27. b6 Bc6
28. h3 Rd5 29. Qg4 h5 30. Qf4 h4 31. Rc5 Rxc5 32. Bxc5 g5 33. Qf5 Qd5 34. Qxd5
Bxd5 35. Rd1 Re5 36. Bd4 Rf5 37. Rc1 Kf8 38. Rc7 Bc6 39. Kh2 Rd5 40. Be3 Kg7
41. Rc8 f6 42. g3 hxg3+ 43. Kxg3 Kg6 44. h4 gxh4+ 45. Kxh4 Kf5 46. Kg3 Rd7 47.
Rg8 Bb5 48. f3 exf3 49. Kxf3 Bc6+ 50. Kf2 Rf7 51. Rg1 Ke5 52. Rd1 f5 53. Bd4+
Ke6 54. Re1+ Kd5 55. Be5 Kc5 56. Bc7 Be4 57. Ke3 Rd7 58. Rc1+ Kb4 59. Kf4 Rd5
60. Be5 Rd3 61. Bc7 Rd2 62. Ke3 Rd7 63. Kf4 Kb3 64. Be5 Bc2 65. Rg1 Rd2 66.
Rg3+ Kc4 67. Rc3+ Kb5 68. Ke3 Rg2 69. Bc7 Be4 70. Kf4 Rg6 71. Rc1 Kb4 72. Ke5
Kb3 73. Rc5 Rg3 74. Kf4 Rd3 75. Rc1 Rf3+ 76. Ke5 Bc2 77. Ra1 Kc4 78. Ra7 Be4
79. Ra4+ Kb3 80. Ra1 Kb2 81. Ra5 Rc3 82. Kf4 Kc2 83. Ra2+ Kd3 84. Ra8 Rc4 85.
Ra3+ Ke2 86. Ke5 Rb4 87. Rh3 Bd3 88. Rh2+ Ke3 89. Rh3+ Kd2 90. Rh2+ Kc3 91. Kf6
Kd4 92. Rh4+ Be4 93. Kg5 Rb1 94. Rh3 Kc5 95. Rc3+ Kb5 96. Rg3 Rf1 97. Rb3+ Kc4
98. Ra3 Bd3 99. Ra4+ Kc5 100. Ra5+ Bb5 101. Ra2 f4 102. Rc2+ Kd4 103. Bxf4 Rg1+
104. Kf6 Bd3 105. Rb2 1/2-1/2

[Event "8th Southwest Class"]
[Site "Forth Worth, TX"]
[Date "2017.02.17"]
[Round "3.2"]
[White "IM Javakhadze, Zurab"]
[Black "GM Popilski, Gil"]
[Result "1/2-1/2"]
[WhiteElo "2469"]
[BlackElo "2539"]
[PlyCount "40"]
[EventDate "2017.02.??"]
[EventType "swiss"]
[EventRounds "9"]
[EventCountry "USA"]

1. d4 d5 2. c4 c6 3. cxd5 cxd5 4. Nc3 Nc6 5. Nf3 Nf6 6. Bf4 Bf5 7. e3 e6 8. Bd3
Bxd3 9. Qxd3 Bd6 10. Bxd6 Qxd6 11. O-O O-O 12. Rfc1 Rfc8 13. Ne2 Ne7 14. Rxc8+
Rxc8 15. Rc1 Rxc1+ 16. Nxc1 Kf8 17. Qc2 Qc6 18. Ne1 Qxc2 19. Nxc2 Nc6 20. Kf1
Ke7 1/2-1/2

[Event "8th Southwest Class"]
[Site "Forth Worth, TX"]
[Date "2017.02.17"]
[Round "3.3"]
[White "IM Matsenko, Sergei"]
[Black "IM Brown, Michael"]
[Result "1/2-1/2"]
[WhiteElo "2522"]
[BlackElo "2466"]
[PlyCount "61"]
[EventDate "2017.02.??"]
[EventType "swiss"]
[EventRounds "9"]
[EventCountry "USA"]

1. Nf3 Nf6 2. c4 e6 3. g3 d5 4. Bg2 Be7 5. O-O O-O 6. b3 c6 7. Bb2 a5 8. a3
Nbd7 9. Qc2 b5 10. d3 Qb6 11. Nbd2 Bb7 12. cxd5 cxd5 13. Bd4 Bc5 14. Bxc5 Nxc5
15. b4 Na4 16. Nb3 Rfc8 17. Qd2 axb4 18. axb4 Qd6 19. Nfd4 Bc6 20. Rfc1 Bd7 21.
Nc5 Rab8 22. Ndb3 d4 23. Rc2 Be8 24. Rac1 h6 25. Bf3 e5 26. e3 dxe3 27. Qxe3
Nb6 28. Re2 Nbd5 29. Qd2 Bc6 30. Bg2 Ne7 31. d4 1/2-1/2

[Event "8th Southwest Class"]
[Site "Forth Worth, TX"]
[Date "2017.02.17"]
[Round "3.4"]
[White "FM Kaliksteyn, Alexander"]
[Black "GM Troff, Kayden"]
[Result "1/2-1/2"]
[WhiteElo "2448"]
[BlackElo "2511"]
[PlyCount "42"]
[EventDate "2017.02.??"]
[EventType "swiss"]
[EventRounds "9"]
[EventCountry "USA"]

1. d4 Nf6 2. Nf3 g6 3. Bf4 Bg7 4. e3 O-O 5. Be2 d6 6. h3 b6 7. O-O Bb7 8. Bh2
Ne4 9. a4 a5 10. Na3 Nd7 11. c3 e6 12. Qc2 Qe7 13. b4 axb4 14. cxb4 c5 15. bxc5
dxc5 16. Nc4 Rfe8 17. Qb2 cxd4 18. exd4 Bc6 19. Nfe5 Nxe5 20. Bxe5 Bxe5 21.
dxe5 Nc5 1/2-1/2

[Event "8th Southwest Class"]
[Site "Forth Worth, TX"]
[Date "2017.02.17"]
[Round "3.5"]
[White "Sturt, Raven"]
[Black "GM Hernandez, Holden"]
[Result "0-1"]
[WhiteElo "2431"]
[BlackElo "2496"]
[PlyCount "68"]
[EventDate "2017.02.??"]
[EventType "swiss"]
[EventRounds "9"]
[EventCountry "USA"]

1. d4 Nf6 2. c4 e6 3. Nf3 b6 4. g3 Bb7 5. Bg2 Be7 6. O-O O-O 7. Re1 a5 8. Bf4
Na6 9. Nc3 Ne4 10. Nxe4 Bxe4 11. Ne5 Bxg2 12. Kxg2 d6 13. Nc6 Qd7 14. Nxe7+
Qxe7 15. e4 e5 16. Be3 c5 17. d5 Nc7 18. Qd3 Qd7 19. f4 f6 20. a4 exf4 21. Bxf4
Na6 22. Qf3 Nb4 23. Re2 g5 24. Bc1 Rae8 25. b3 f5 26. Bb2 f4 27. h3 Nd3 28.
Qxd3 f3+ 29. Kh2 fxe2 30. Qe3 Qf5 31. exf5 Rxe3 32. Re1 Rxf5 33. Bc1 Rf1 34.
Bxe3 Rxe1 0-1

[Event "8th Southwest Class"]
[Site "Forth Worth, TX"]
[Date "2017.02.17"]
[Round "3.6"]
[White "IM Nakar, Eylon"]
[Black "IM Viswanadha, Kesav"]
[Result "1/2-1/2"]
[WhiteElo "2478"]
[BlackElo "2372"]
[PlyCount "113"]
[EventDate "2017.02.??"]
[EventType "swiss"]
[EventRounds "9"]
[EventCountry "USA"]

1. e4 e5 2. Nf3 Nc6 3. Bb5 a6 4. Ba4 Nf6 5. O-O Be7 6. d3 b5 7. Bb3 d6 8. a3
O-O 9. Nc3 Na5 10. Ba2 Be6 11. b4 Bxa2 12. Rxa2 Nc6 13. Bg5 Qd7 14. Bxf6 Bxf6
15. Nd5 Bd8 16. a4 Ne7 17. Ne3 Rb8 18. axb5 axb5 19. c3 Qe6 20. Ra6 c6 21. Re1
Bb6 22. d4 Rfd8 23. Qc2 Ng6 24. g3 Qf6 25. Kg2 Re8 26. h4 Qe6 27. Ng5 Qd7 28.
Rd1 h6 29. Nf3 Qe6 30. Nf5 Ne7 31. d5 cxd5 32. Nxe7+ Qxe7 33. Rxd5 Qb7 34. Ra1
Qc6 35. Qd3 Bc7 36. h5 Ra8 37. Rc1 f5 38. Nd2 fxe4 39. Nxe4 Reb8 40. c4 Ra4 41.
Rc3 Rxb4 42. cxb5 Qb7 43. Rc6 Rf8 44. Qc2 Bb8 45. Nxd6 Bxd6 46. Rdxd6 Rxb5 47.
Qc4+ Qf7 48. Qxf7+ Rxf7 49. Rd8+ Rf8 50. Rxf8+ Kxf8 51. Kf3 e4+ 52. Kxe4 Rxh5
53. Rc7 Rg5 54. Kf4 Kg8 55. g4 Ra5 56. Kg3 h5 57. gxh5 1/2-1/2

[Event "8th Southwest Class"]
[Site "Forth Worth, TX"]
[Date "2017.02.17"]
[Round "3.7"]
[White "GM Alejano, Carlos Hevia"]
[Black "GM Sevian, Sam"]
[Result "0-1"]
[WhiteElo "2496"]
[BlackElo "2579"]
[PlyCount "66"]
[EventDate "2017.02.??"]
[EventType "swiss"]
[EventRounds "9"]
[EventCountry "USA"]

1. e4 e5 2. Nf3 Nc6 3. Bc4 Bc5 4. d3 Nf6 5. c3 O-O 6. O-O d6 7. a4 a6 8. Bg5
Ba7 9. Na3 h6 10. Bh4 g5 11. Bg3 Bg4 12. h3 Be6 13. Re1 Nh5 14. Kh2 Qf6 15. Nc2
Bxc4 16. dxc4 Qg6 17. Nd2 Ne7 18. Nf1 f5 19. exf5 Nxf5 20. Nce3 Nxe3 21. Nxe3
Rf7 22. Qd5 c6 23. Qd2 Raf8 24. Rad1 Bb8 25. Re2 Nf4 26. Qc2 e4 27. Red2 h5 28.
Kh1 Nd3 29. f3 Ba7 30. fxe4 Bxe3 31. Rxd3 Rf1+ 32. Kh2 Bg1+ 33. Kh1 Bc5+ 0-1

[Event "8th Southwest Class"]
[Site "Forth Worth, TX"]
[Date "2017.02.17"]
[Round "3.8"]
[White "FM Rozman, Levy"]
[Black "GM Shabalov, Alex"]
[Result "1/2-1/2"]
[WhiteElo "2404"]
[BlackElo "2570"]
[PlyCount "71"]
[EventDate "2017.02.??"]
[EventType "swiss"]
[EventRounds "9"]
[EventCountry "USA"]

1. d4 d5 2. c4 e6 3. Nc3 a6 4. Nf3 dxc4 5. a4 Nc6 6. Bg5 f6 7. Bf4 Bb4 8. e3 e5
9. dxe5 Be6 10. Be2 Qxd1+ 11. Rxd1 Nge7 12. exf6 gxf6 13. Nd4 Nxd4 14. Rxd4 c5
15. Rd6 Kf7 16. Bh5+ Ng6 17. Rb6 Ra7 18. O-O Ba5 19. Rd6 Ke7 20. Bg3 Ne5 21.
Bxe5 fxe5 22. Rfd1 Raa8 23. Ne4 Rhd8 24. Rxd8 Rxd8 25. Rxd8 Bxd8 26. Nxc5 Bc8
27. Ne4 b5 28. axb5 axb5 29. Nc3 Bd7 30. Kf1 Kd6 31. Ne4+ Kc6 32. Ke2 Be7 33.
Bf7 Kb6 34. Bg8 h6 35. Kd2 Bc6 36. f3 1/2-1/2

[Event "8th Southwest Class"]
[Site "Forth Worth, TX"]
[Date "2017.02.17"]
[Round "3.9"]
[White "IM Mulyar, Michael"]
[Black "GM Raznikov, Dani"]
[Result "1/2-1/2"]
[WhiteElo "2397"]
[BlackElo "2514"]
[PlyCount "61"]
[EventDate "2017.02.??"]
[EventType "swiss"]
[EventRounds "9"]
[EventCountry "USA"]

1. d4 Nf6 2. Nf3 e6 3. c4 Bb4+ 4. Nc3 O-O 5. Qc2 c5 6. dxc5 Na6 7. g3 Nxc5 8.
Bg2 b6 9. O-O Bb7 10. Bf4 Nce4 11. Nxe4 Bxe4 12. Qa4 Be7 13. Rfd1 Qc8 14. Ne5
Bxg2 15. Kxg2 Qb7+ 16. f3 Rfd8 17. Bg5 a6 18. Bxf6 b5 19. cxb5 Bxf6 20. Nxd7
Rxd7 21. bxa6 Qxb2 22. Qxd7 Qxe2+ 23. Kh3 h5 24. Qb7 g5 25. Qxa8+ Kg7 26. g4
Be5 27. Rh1 hxg4+ 28. fxg4 Qe3+ 29. Kg2 Qe2+ 30. Kh3 Qe3+ 31. Kg2 1/2-1/2

[Event "8th Southwest Class"]
[Site "Forth Worth, TX"]
[Date "2017.02.17"]
[Round "3.10"]
[White "IM Stremavicius, Titas"]
[Black "FM Griffith, Kyron"]
[Result "1/2-1/2"]
[WhiteElo "2468"]
[BlackElo "2312"]
[PlyCount "68"]
[EventDate "2017.02.??"]
[EventType "swiss"]
[EventRounds "9"]
[EventCountry "USA"]

1. d4 Nf6 2. c4 g6 3. Nc3 Bg7 4. e4 d6 5. Bd3 O-O 6. Nge2 c5 7. d5 e6 8. O-O
exd5 9. exd5 Re8 10. h3 Nbd7 11. f4 a6 12. a4 Rb8 13. g4 Nf8 14. Ng3 h5 15. f5
hxg4 16. hxg4 N6h7 17. Nce4 Be5 18. Qf3 Qe7 19. g5 gxf5 20. Nxf5 Bxf5 21. Qxf5
Ng6 22. Bd2 Qf8 23. Nf6+ Nxf6 24. gxf6 Bd4+ 25. Kh1 Be3 26. Qh3 Bxd2 27. Bxg6
Qh6 28. Qxh6 Bxh6 29. Bf5 Be3 30. Ra3 Re5 31. Rb3 Bd4 32. Rg3+ Kf8 33. Rh3 Kg8
34. Bh7+ Kf8 1/2-1/2

[Event "8th Southwest Class"]
[Site "Forth Worth, TX"]
[Date "2017.02.17"]
[Round "3.11"]
[White "FM Feinstein, Max"]
[Black "GM Zherebukh, Yaroslv"]
[Result "0-1"]
[WhiteElo "2140"]
[BlackElo "2614"]
[PlyCount "76"]
[EventDate "2017.02.??"]
[EventType "swiss"]
[EventRounds "9"]
[EventCountry "USA"]

1. d4 Nf6 2. Nf3 g6 3. g3 Bg7 4. Bg2 O-O 5. O-O d6 6. c4 c6 7. Nc3 Bf5 8. b3 a6
9. Bb2 Qc7 10. Nh4 Bg4 11. h3 Bc8 12. Nf3 e5 13. e4 Nbd7 14. Qd2 b5 15. cxb5
axb5 16. Rfe1 Re8 17. Qc2 Qb8 18. dxe5 dxe5 19. a4 Bb7 20. Nd2 Rc8 21. h4 Nc5
22. Ne2 Ne6 23. Bh3 Re8 24. b4 Qd6 25. Bc3 Nd4 26. Qb2 Rad8 27. Bxd4 exd4 28.
Nf4 Bh6 29. Nd3 Bxd2 30. e5 Rxe5 31. Qxd2 Rxe1+ 32. Rxe1 bxa4 33. Nc5 Bc8 34.
Bxc8 Rxc8 35. Nxa4 Nd7 36. Re4 Ne5 37. Qd1 Qd5 38. Nc5 f5 0-1

[Event "8th Southwest Class"]
[Site "Forth Worth, TX"]
[Date "2017.02.17"]
[Round "3.12"]
[White "GM Belous, Vladimir"]
[Black "Lederer, Yoav"]
[Result "1-0"]
[WhiteElo "2577"]
[BlackElo "2315"]
[PlyCount "51"]
[EventDate "2017.02.??"]
[EventType "swiss"]
[EventRounds "9"]
[EventCountry "USA"]

1. c4 c6 2. Nf3 d5 3. e3 Nf6 4. d4 Bf5 5. cxd5 cxd5 6. Nc3 Nc6 7. Ne5 Bd7 8.
Bd3 e6 9. f4 Be7 10. O-O O-O 11. Qf3 g6 12. Qh3 a6 13. Bd2 b5 14. Rac1 Rc8 15.
Be1 Na5 16. Bh4 Nc4 17. b3 Na3 18. Bg5 b4 19. Ne2 Rxc1 20. Rxc1 Ne8 21. Bxa6 f6
22. Nxd7 Qxd7 23. Bc8 Qb5 24. Bxe6+ Rf7 25. Bd7 Qxe2 26. Bxe8 1-0

[Event "8th Southwest Class"]
[Site "Forth Worth, TX"]
[Date "2017.02.17"]
[Round "3.13"]
[White "GM Holt, Conrad"]
[Black "Ghatti, Sanjay"]
[Result "1/2-1/2"]
[WhiteElo "2565"]
[BlackElo "2254"]
[PlyCount "119"]
[EventDate "2017.02.??"]
[EventType "swiss"]
[EventRounds "9"]
[EventCountry "USA"]

1. d4 d5 2. c4 e6 3. Nc3 Nf6 4. cxd5 exd5 5. Bg5 Be7 6. e3 c6 7. Bd3 O-O 8. Qc2
h6 9. Bh4 Re8 10. Nge2 Ne4 11. Bxe7 Qxe7 12. Ng3 Nxg3 13. hxg3 Nd7 14. Rh4 Nf6
15. O-O-O b5 16. Rdh1 a5 17. Kb1 Bd7 18. Qc1 Rac8 19. Ka1 c5 20. e4 cxd4 21.
Rxh6 Kf8 22. exd5 Ng8 23. Rh8 f5 24. d6 Qf6 25. Nxb5 Rxc1+ 26. Rxc1 g6 27. Rh7
Rd8 28. Rc7 Bxb5 29. Bxb5 Rxd6 30. Bc4 Ne7 31. Rcxe7 Qxe7 32. Rxe7 Kxe7 33. Kb1
g5 34. Kc2 Kf6 35. f4 Rd8 36. b3 Kg6 37. Bd3 Kf6 38. Bc4 Rd7 39. Kd3 Kg6 40.
Kd2 Re7 41. Kd3 Re3+ 42. Kxd4 Rxg3 43. Bd5 Rg4 44. Kc5 Rxf4 45. a3 Kf6 46. b4
axb4 47. axb4 Ke7 48. b5 Kd7 49. b6 Kc8 50. Kd6 Rf2 51. Ke5 Kb8 52. Kf6 Rd2 53.
Be6 Rxg2 54. Kxf5 Rg1 55. Bd5 Rb1 56. Bg2 Rb2 57. Bh3 Rb5+ 58. Kg6 Kb7 59. Bf5
Kxb6 60. Kxg5 1/2-1/2

[Event "8th Southwest Class"]
[Site "Forth Worth, TX"]
[Date "2017.02.17"]
[Round "3.14"]
[White "GM Kadric, Denis"]
[Black "Menon, Gopal"]
[Result "1/2-1/2"]
[WhiteElo "2547"]
[BlackElo "2238"]
[PlyCount "31"]
[EventDate "2017.02.??"]
[EventType "swiss"]
[EventRounds "9"]
[EventCountry "USA"]

1. e4 c5 2. Nc3 Nc6 3. Nge2 d6 4. d4 cxd4 5. Nxd4 Nf6 6. Bc4 e6 7. Bb3 Be7 8.
O-O O-O 9. f4 Bd7 10. Kh1 Na5 11. Qd3 a6 12. f5 Nxb3 13. axb3 Rc8 14. Bg5 Ng4
15. Bxe7 Qxe7 16. Qg3 1/2-1/2

[Event "8th Southwest Class"]
[Site "Forth Worth, TX"]
[Date "2017.02.17"]
[Round "3.16"]
[White "IM Drozdowski, Kaeper"]
[Black "Toolin, Christopher"]
[Result "1-0"]
[WhiteElo "2496"]
[BlackElo "2209"]
[PlyCount "59"]
[EventDate "2017.02.??"]
[EventType "swiss"]
[EventRounds "9"]
[EventCountry "USA"]

1. c4 Nf6 2. Nc3 e6 3. e4 d5 4. e5 d4 5. exf6 dxc3 6. bxc3 Qxf6 7. d4 e5 8. Nf3
Nc6 9. Bg5 Qg6 10. d5 Nb8 11. h4 Nd7 12. Be2 h6 13. h5 Qd6 14. Be3 b6 15. Qa4
Be7 16. Nd2 f5 17. c5 bxc5 18. Bb5 a6 19. Bc6 Rb8 20. Qa5 Kd8 21. Nc4 Qf6 22.
f4 Nb6 23. Nxe5 Bd6 24. O-O Bxe5 25. fxe5 Nc4 26. exf6 Nxa5 27. fxg7 Rg8 28.
Bxh6 Nxc6 29. Bg5+ Ke8 30. h6 1-0

[Event "8th Southwest Class"]
[Site "Forth Worth, TX"]
[Date "2017.02.17"]
[Round "3.18"]
[White "IM Rao, Prasanna"]
[Black "WIM Nguyen, Emily"]
[Result "1/2-1/2"]
[WhiteElo "2477"]
[BlackElo "2206"]
[Annotator "Hater,David"]
[PlyCount "45"]
[EventDate "2017.02.??"]
[EventType "swiss"]
[EventRounds "9"]
[EventCountry "USA"]

1. d4 d5 2. Nf3 Nf6 3. Bf4 c5 4. e3 Nc6 5. Nbd2 e6 6. c3 Be7 7. h3 O-O 8. Bd3
b6 9. Qe2 Bb7 10. Rd1 Qc8 11. O-O a5 12. Bh2 Ba6 13. Ne5 Bxd3 14. Qxd3 Nd7 15.
Nxd7 Qxd7 16. Qb5 Qb7 17. dxc5 Bxc5 18. e4 Na7 19. Qd3 Rfd8 20. Nf3 Nc6 21.
exd5 Rxd5 22. Qe4 Qd7 23. Rd2 {[%emt 0:00:41] 1/2 - 1/2,} 1/2-1/2

[Event "8th Southwest Class"]
[Site "Forth Worth, TX"]
[Date "2017.02.17"]
[Round "3.19"]
[White "IM Harmon-Vellotti, Luke"]
[Black "Cabrera Capocyan, Sam"]
[Result "1-0"]
[WhiteElo "2454"]
[BlackElo "2190"]
[PlyCount "89"]
[EventDate "2017.02.??"]
[EventType "swiss"]
[EventRounds "9"]
[EventCountry "USA"]

1. e4 c5 2. Nf3 e6 3. d4 cxd4 4. Nxd4 a6 5. Bd3 Nf6 6. O-O Qc7 7. c4 Nc6 8.
Nxc6 dxc6 9. Be3 e5 10. h3 Be7 11. Nc3 Be6 12. Rc1 O-O 13. Nd5 cxd5 14. cxd5
Qd7 15. dxe6 Qxe6 16. Bc4 Qd6 17. Qxd6 Bxd6 18. Rfd1 Be7 19. Bd5 Nxd5 20. Rxd5
b5 21. Rc7 Bd8 22. Rb7 Bf6 23. Rdd7 Rac8 24. g4 h6 25. Rd6 Rc2 26. Rxa6 Rxb2
27. Bxh6 gxh6 28. Rxf6 Rxa2 29. Rxh6 Re2 30. Rxb5 Rxe4 31. Rf6 Kg7 32. Rf5 f6
33. Rb7+ Kg6 34. Rb6 Kg7 35. Kg2 Re1 36. Re6 Re4 37. f3 Re2+ 38. Kg3 Re1 39. h4
Rg1+ 40. Kf2 Rh1 41. h5 Rf7 42. Kg2 Rh4 43. Ra6 e4 44. Ra1 exf3+ 45. Kg3 1-0